| 000 | 00692nam a2200217Ia 4500 | ||
|---|---|---|---|
| 003 | GCL | ||
| 005 | 20240530102521.0 | ||
| 008 | 140319s9999 xx 000 0 ara d | ||
| 040 |
_aGCL / _cGCL |
||
| 082 | 0 | 4 |
_a953 _bق/ص ا |
| 100 | 1 | _aصفاء حافظ عبدالفتاح | |
| 245 | 1 | 0 |
_aالادارة المحلية فى مصر فى عصر الولاة / _cصفاء حافظ عبدالفتاح |
| 260 |
_a[S.N] : _bدار النهضة العربية ، _c1991 |
||
| 300 | _a139 ص | ||
| 650 | 0 | 4 | _aمصر |
| 650 | 0 | 4 | _aتاريخ |
| 650 | 0 | 4 | _aالادارة المحلية |
| 650 | 0 | 4 | _aالدولة العباسية |
| 650 | 0 | 4 | _aالدولة الاموية |
| 942 |
_2ddc _cBK |
||
| 999 |
_c32824 _d32824 |
||